000 00701nam a2200289Ia 4500
005 20260324121238.0
008 008 260324s9999 xx 000 0 eng d
020 _a9780429254475
037 _aEBOOK
040 _aCRL
040 _beng
040 _cCRL
041 _2eng
041 _aeng
084 _qCRL
100 _aIan Fraser Glenday; Rick Sather
_91161762
245 0 _aLean RFS (Repetitive Flexible Supply)
245 0 _bPutting the Pieces Together
260 _bTaylor and Francis
260 _c2014
365 _a
365 _b300
856 _uhttp://www.taylorfrancis.com/books/9780429254475
942 _cEBOOK
999 _c1753740
_d1753740